000 00295 a2200145 4500
001 180161
020 _a
040 _cMagnum
100 _aSantiago, Perpetua
240 1 0 _aA nuvem dourada
_lpor
245 1 0 _aA nuvem dourada
362 0 _a1899
697 _aMAGNITO: IJ/GERAL
942 _cBK
999 _c180161
_d180161